00515 a2200181 450000100060000002000180000604000240002410000250004824000340007324500290010730000060013636200090014244000230015165000310017494200070020595201040021299900170031646039 a9788537710791 cAnchieta - Aquarius aPrats, Joan de Déu10aOs patins de Sebastiãolpor10aOs patins de Sebastião a 0 a2009 1aEscala Educacional 4aLiteratura infanto-juvenil cBK 00104070a87.1b87.1d2023-11-21l0o028.5 PRA PATp3476/AQUr2023-11-21 15:12:23w2023-11-21yBK c46039d46039